00557nam a22001577a 4500003000900000008004100009040007100050082002700121100002800148245002500176260006700201300004400268650003300312650002700345650002700372AR-CdUCM190311b ||||| |||| 00| 0 spa d aMUNICIPALIDAD PROVINCIAL DEL CUSCOcBIBLIOTECA MUNICIPAL DEL CUSCO a869.56 / bP26 / 1965 aParada Manrique, José aBolitas de cristal / aJuliaca : bTalleres Empresa Editorial "El arte" S.A., c1965. a30 páginas ; bDibujos ;c17.5 cm. aPoesía peruana - Siglo XX aPoetas peruanos - Puno aJosé Parada Manrique